<?xml version="1.0" encoding="UTF-8"?>
<record
    xmlns:xsi="http://www.w3.org/2001/XMLSchema-instance"
    xsi:schemaLocation="http://www.loc.gov/MARC21/slim http://www.loc.gov/standards/marcxml/schema/MARC21slim.xsd"
    xmlns="http://www.loc.gov/MARC21/slim">

  <leader>01276nam a22002417a 4500</leader>
  <controlfield tag="001">4031</controlfield>
  <controlfield tag="003">FISKH</controlfield>
  <controlfield tag="005">20240531153021.0</controlfield>
  <controlfield tag="008">240531b        cb ||||| |||| 00| 0 eng d</controlfield>
  <datafield tag="020" ind1=" " ind2=" ">
    <subfield code="a"> 9780761109488</subfield>
  </datafield>
  <datafield tag="040" ind1=" " ind2=" ">
    <subfield code="a">FISKH</subfield>
    <subfield code="b">eng </subfield>
    <subfield code="c">FISKH</subfield>
    <subfield code="d">FISKH</subfield>
  </datafield>
  <datafield tag="100" ind1=" " ind2=" ">
    <subfield code="a">Attinello, Lauren </subfield>
    <subfield code="e">author </subfield>
  </datafield>
  <datafield tag="245" ind1=" " ind2=" ">
    <subfield code="a">Peek-a-boo, Lizzy Lou ! :</subfield>
    <subfield code="b"> A Playtime Book and Muppet Puppet /</subfield>
    <subfield code="c">by Lauren Attinello</subfield>
  </datafield>
  <datafield tag="260" ind1=" " ind2=" ">
    <subfield code="a">New York : </subfield>
    <subfield code="b">Workman Publishing ; </subfield>
    <subfield code="c">1997</subfield>
  </datafield>
  <datafield tag="300" ind1=" " ind2=" ">
    <subfield code="a">14 unnumbered pages : </subfield>
    <subfield code="b">color illustrations ;</subfield>
    <subfield code="c">16 cm . </subfield>
  </datafield>
  <datafield tag="505" ind1=" " ind2=" ">
    <subfield code="a">D 
</subfield>
  </datafield>
  <datafield tag="520" ind1=" " ind2=" ">
    <subfield code="a">Here comes Lizzy Lou, a new Muppet puppet from Jim Henson Productions. With a 16-page, full-color board book, Peek-a-Boo, Lizzy Lou! is a bouncy tale for curious toddlers. From bedroom to dining room, Lizzy Lou finds her friends everywhere in delightful rhymes. With plush the color of lemon cream pie, a nest of bright green curls, and googly eyes with long lashes, Lizzy Lou is one adorable Muppet puppet, sized to fit an adult's hand. Suitable for ages 6 months and up. Illustrations by Lauren Attinello and puppet by Rollie Krewson. 65,000 copies in print.</subfield>
  </datafield>
  <datafield tag="521" ind1="8" ind2=" ">
    <subfield code="a">160 
</subfield>
    <subfield code="b">Lexile estimate 
</subfield>
  </datafield>
  <datafield tag="521" ind1="8" ind2=" ">
    <subfield code="a">D 
</subfield>
    <subfield code="b">Raz-Plus 
</subfield>
  </datafield>
  <datafield tag="650" ind1=" " ind2=" ">
    <subfield code="a">Muppets</subfield>
    <subfield code="v">Fiction </subfield>
  </datafield>
  <datafield tag="942" ind1=" " ind2=" ">
    <subfield code="2">ddc</subfield>
    <subfield code="c">BK</subfield>
    <subfield code="n">0</subfield>
  </datafield>
  <datafield tag="999" ind1=" " ind2=" ">
    <subfield code="c">4031</subfield>
    <subfield code="d">4031</subfield>
  </datafield>
  <datafield tag="952" ind1=" " ind2=" ">
    <subfield code="0">0</subfield>
    <subfield code="1">0</subfield>
    <subfield code="2">ddc</subfield>
    <subfield code="4">0</subfield>
    <subfield code="7">0</subfield>
    <subfield code="8">FIC</subfield>
    <subfield code="a">001</subfield>
    <subfield code="b">001</subfield>
    <subfield code="c">TTP</subfield>
    <subfield code="d">2024-05-31</subfield>
    <subfield code="l">1</subfield>
    <subfield code="o">ATT Fic </subfield>
    <subfield code="p">FISBK07093</subfield>
    <subfield code="r">2025-09-15 14:24:06</subfield>
    <subfield code="s">2025-09-04</subfield>
    <subfield code="w">2024-05-31</subfield>
    <subfield code="y">BK</subfield>
  </datafield>
</record>
